Pipi goes on board / (Record no. 4720)

MARC details
000 -LEADER
fixed length control field 00949nam a22003017a 4500
001 - CONTROL NUMBER
control field 4720
003 - CONTROL NUMBER IDENTIFIER
control field FISKH
005 - DATE AND TIME OF LATEST TRANSACTION
control field 20241024143055.0
008 - FIXED-LENGTH DATA ELEMENTS--GENERAL INFORMATION
fixed length control field 240925b cb ||||| |||| 00| 0 eng d
020 ## - INTERNATIONAL STANDARD BOOK NUMBER
International Standard Book Number 9780140309591
040 ## - CATALOGING SOURCE
Original cataloging agency FISKH
Language of cataloging eng
Transcribing agency FISKH
Modifying agency FISKH
050 ## - LIBRARY OF CONGRESS CALL NUMBER
Classification number PZ7.L6585
082 ## - DEWEY DECIMAL CLASSIFICATION NUMBER
Edition number 839.7374
100 ## - MAIN ENTRY--PERSONAL NAME
Personal name Lindgren, Astrid
Dates associated with a name (1907–2002)
245 ## - TITLE STATEMENT
Title Pipi goes on board /
Statement of responsibility, etc. Astrid Lindgren Translated by Florence Lamborn Illustrated by louis S. Glanzman
250 ## - EDITION STATEMENT
Edition statement This edition pubished in 1997
260 ## - PUBLICATION, DISTRIBUTION, ETC.
Place of publication, distribution, etc. Auckland :
Name of publisher, distributor, etc. Puffin Book,
Date of publication, distribution, etc. 1997.
300 ## - PHYSICAL DESCRIPTION
Extent 140 pages :
Other physical details illustrations ;
Dimensions 20cm
505 ## - FORMATTED CONTENTS NOTE
Formatted contents note U <br/>
520 ## - SUMMARY, ETC.
Summary, etc. The further adventures of Pippi and her friends Tommy and Annika.
521 8# - TARGET AUDIENCE NOTE
Target audience note 870 <br/>
Source Lexile <br/>
521 8# - TARGET AUDIENCE NOTE
Target audience note U <br/>
Source Raz-Plus <br/>
650 ## - SUBJECT ADDED ENTRY--TOPICAL TERM
Source of heading or term Children
Topical term or geographic name entry element Sweden
650 ## - SUBJECT ADDED ENTRY--TOPICAL TERM
Source of heading or term Young adult
Topical term or geographic name entry element Juvenile fiction
700 ## - ADDED ENTRY--PERSONAL NAME
Personal name S.Glanzman, Louis
Dates associated with a name Illustrator
942 ## - ADDED ENTRY ELEMENTS (KOHA)
Source of classification or shelving scheme Dewey Decimal Classification
Koha item type Books
Suppress in OPAC No
Holdings
Withdrawn status Lost status Source of classification or shelving scheme Damaged status Not for loan Collection Home library Current library Shelving location Date acquired Total Checkouts Full call number Barcode Date last seen Copy number Price effective from Koha item type
    Dewey Decimal Classification     Fiction Footprints International School Library Network Toul Kork Campus Footprints International School Library Network Toul Kork Campus TTP Secondary Fiction Bookshelves 09/25/2024   LIN 839.7374 PZ7.L6585 2024-2081 09/25/2024 1 09/25/2024 Books